Quiz #3 - Bible Trivia - Statistics

General Stats
  • This quiz has been taken 280 times
  • The average score is 10 of 16
Answer Stats
Clue Character % Correct
Who was the first murder victim? Abel
98%
Who was the New Testament apostle to the Gentiles? Paul
83%
This is the Biblical "strongman". Samson
80%
Who was the first patriarch who made a covenant with God? Abraham
78%
Who was the Roman official who authorized the crucifixion of Jesus? Pontius Pilate
78%
Who was the eloquent brother of Moses? Aaron
76%
Name the prophet who raised the dead and ascended to heaven in a whirlwind. Elijah
76%
King David saw this woman bathing on the roof. Bathsheba
71%
Who was the first king of Israel? Saul
71%
This man lived to the age of 969. Methuselah
65%
Who (probably) wrote the book of Acts? Luke
61%
Which tribe of Israel acted as the priests? Levites
59%
Who was the Babylonian king that brought Israel into exile? Nebuchadnezzar
50%
Whose bones did Moses bring out of Egypt? Joseph
46%
How many books of minor prophets are there? Twelve
26%
What did John the Baptist wear in the desert? Camel hair
21%
No matching quizzes found
Score Distribution
Percent of People with Each Score
Percentile by Number Answered
Your Score History
You have not taken this quiz